Normal view
MARC view
Entry Personal Name
001 - CONTROL NUMBER
- control field: 7874
003 - CONTROL NUMBER IDENTIFIER
- control field: OSt
005 - DATE AND TIME OF LATEST TRANSACTION
- control field: 20211028144257.0
008 - FIXED-LENGTH DATA ELEMENTS
- fixed length control field: 211028|| aca||aabn | a|a d
040 ## - CATALOGING SOURCE
- Original cataloging agency: OSt
- Transcribing agency: OSt
100 ## - HEADING--PERSONAL NAME
- Personal name: Jithu, Neha; James, Neha.
- Miscellaneous information: 1616119
670 ## - SOURCE DATA FOUND
- Source citation: Work cat.: (OSt): Jithu, Neha; James, Neha. 1616119, Study on employee engagement with special reference to Vinayaka enterprises Mangalore., 2018